[Event "II Memorial Oliver Gonzalez"]
[Site "Madrid"]
[Date "2011.10.08"]
[Round "1.2"]
[White "Vazquez Igarza, Renier"]
[Black "De La Orden Alcocer, Alejandro"]
[Result "1-0"]
[WhiteElo "2572"]
[BlackElo "1852"]
[PlyCount "43"]
[EventDate "2011.10.08"]

1. d4 e6 2. c4 b6 3. Nc3 Bb7 4. a3 Nf6 5. Nf3 Be7 6. d5 a5 7. e4 Bc5 8. e5 Ng4
9. Ne4 Na6 10. h3 Nxf2 11. Nxf2 exd5 12. cxd5 O-O 13. Bc4 Be7 14. O-O Nc5 15.
Qd4 Bc8 16. Bf4 b5 17. Ba2 Ra6 18. d6 cxd6 19. exd6 Ne6 20. Bxe6 Bxd6 21. Bxd6
dxe6 22. Bxf8 1-0

[Event "II Memorial Oliver Gonzalez"]
[Site "Madrid"]
[Date "2011.10.08"]
[Round "1.3"]
[White "Merino Araguas, Jose Javier"]
[Black "Moreno Trujillo, Alejandro"]
[Result "0-1"]
[WhiteElo "1848"]
[BlackElo "2473"]
[PlyCount "70"]
[EventDate "2011.10.08"]

1. d4 d5 2. c4 e6 3. Nc3 c6 4. cxd5 exd5 5. Nf3 Nf6 6. Bg5 Be7 7. Qc2 g6 8. e3
Bf5 9. Bd3 Bxd3 10. Qxd3 Nbd7 11. O-O O-O 12. Rac1 Re8 13. h3 Ne4 14. Bxe7 Qxe7
15. a3 a5 16. Na4 Nd6 17. Nd2 b5 18. Nc5 Nc4 19. Nxd7 Qxd7 20. Qc2 a4 21. Nf3
f6 22. Ne1 Kg7 23. Nd3 Qd6 24. Rfe1 Re7 25. Qe2 Rae8 26. Rc2 Qe6 27. Nc5 Qf5
28. Rec1 h5 29. Qf3 Qg5 30. g3 h4 31. g4 f5 32. Kh2 Nxe3 33. fxe3 Rxe3 34. Qf2
fxg4 35. hxg4 Qxg4 0-1

[Event "II Memorial Oliver Gonzalez"]
[Site "Madrid"]
[Date "2011.10.08"]
[Round "1.5"]
[White "Tamaslacariu, Ionut"]
[Black "Anton Guijarro, David"]
[Result "0-1"]
[WhiteElo "1831"]
[BlackElo "2462"]
[PlyCount "52"]
[EventDate "2011.10.08"]

1. c4 e5 2. Nc3 Nc6 3. e3 Nf6 4. Nge2 g6 5. Ng3 Bg7 6. Be2 d6 7. O-O h5 8. f4
h4 9. Nge4 Nxe4 10. Nxe4 Bf5 11. Ng5 Bf6 12. e4 Bxg5 13. exf5 Bxf4 14. fxg6
fxg6 15. Qc2 Qg5 16. Rxf4 exf4 17. Qe4+ Kd7 18. d4 Rae8 19. Qd3 Nxd4 20. Bf1
Qc5 21. Kh1 Re1 22. b4 Qf5 23. Qxf5+ Nxf5 24. Bb2 Rhe8 25. Rxe1 Rxe1 26. Kg1
Ne3 0-1

[Event "II Memorial Oliver Gonzalez"]
[Site "Madrid"]
[Date "2011.10.08"]
[Round "1.6"]
[White "Rodriguez Diaz, Alberto Jose"]
[Black "Lariño Nieto, David"]
[Result "0-1"]
[WhiteElo "1978"]
[BlackElo "2455"]
[PlyCount "86"]
[EventDate "2011.10.08"]

1. e4 c5 2. c4 Nc6 3. Nc3 g6 4. g3 Bg7 5. Bg2 e6 6. Nge2 b6 7. d3 Bb7 8. O-O
Nge7 9. Rb1 O-O 10. a3 Nd4 11. Nxd4 cxd4 12. Ne2 d5 13. exd5 exd5 14. Nf4 Rb8
15. Nxd5 Nxd5 16. cxd5 Bxd5 17. Bxd5 Qxd5 18. Bf4 Rbe8 19. Qd2 h5 20. h4 a5 21.
Rbe1 Qb3 22. Rc1 Re6 23. Qc2 a4 24. Qxb3 axb3 25. Rfd1 {(=)} Rfe8 26. Kf1 Bf8
27. Rc4 Bc5 28. Bd2 Kf8 29. Re1 Ke7 30. Rxe6+ Kxe6 31. Bb4 Kd5 32. Bxc5 bxc5
33. Rc1 f6 34. Re1 Rc8 35. Rc1 g5 36. Ke2 gxh4 37. gxh4 Rg8 38. Rh1 Rg4 39. Kd2
f5 40. Ke2 f4 41. Kf1 f3 42. Rh3 c4 43. dxc4+ Ke4 $138 0-1

[Event "II Memorial Oliver Gonzalez"]
[Site "Madrid"]
[Date "2011.10.08"]
[Round "1.7"]
[White "Perez Mitjans, Orelvis"]
[Black "Recuenco Andres, Javier"]
[Result "1-0"]
[WhiteElo "2451"]
[BlackElo "1976"]
[PlyCount "73"]
[EventDate "2011.10.08"]

1. e4 d5 2. exd5 Nf6 3. d4 c6 4. dxc6 Nxc6 5. Bb5 Qa5+ 6. Nc3 a6 7. Bxc6+ bxc6
8. Nge2 Bg4 9. O-O e6 10. f3 Bf5 11. Ng3 Be7 12. Nxf5 Qxf5 13. Qe2 O-O 14. Ne4
Nd5 15. Ng3 Qg6 16. f4 Bf6 17. a3 Rfe8 18. Qe4 Qh6 19. f5 Bg5 20. Bxg5 Qxg5 21.
Rae1 h6 22. Qf3 exf5 23. Qxf5 Rxe1 24. Qxf7+ Kh8 25. Rxe1 Qd2 26. Qf2 Qg5 27.
Ne4 Qg6 28. Nc5 Re8 29. Rxe8+ Qxe8 30. h3 a5 31. a4 Qg6 32. Kh2 Kg8 33. Qg3 Qf5
34. Qb8+ Kh7 35. Qe5 Qf2 36. Ne6 Nf6 37. Qg3 1-0

[Event "II Memorial Oliver Gonzalez"]
[Site "Madrid"]
[Date "2011.10.08"]
[Round "1.9"]
[White "Balsinde Montemayor, Pablo"]
[Black "Arribas Lopez, Angel"]
[Result "0-1"]
[WhiteElo "1788"]
[BlackElo "2440"]
[PlyCount "38"]
[EventDate "2011.10.08"]

1. d4 e6 2. c4 b6 3. Nc3 Bb7 4. e4 Bb4 5. f3 f5 6. exf5 Nh6 7. Bxh6 Qh4+ 8. g3
Qxh6 9. fxe6 Qe3+ 10. Qe2 Bxc3+ 11. bxc3 Qxc3+ 12. Kf2 Qxd4+ 13. Qe3 Qxa1 14.
exd7+ Kd8 15. Ne2 Nxd7 16. Nd4 Re8 17. Ne6+ Rxe6 18. Qxe6 Qf6 19. Qg8+ Ke7 0-1

[Event "II Memorial Oliver Gonzalez"]
[Site "Madrid"]
[Date "2011.10.08"]
[Round "1.10"]
[White "Hunt, Adam C"]
[Black "Galan Aguado, Fernando"]
[Result "1-0"]
[WhiteElo "2437"]
[BlackElo "1779"]
[PlyCount "67"]
[EventDate "2011.10.08"]

1. e4 e6 2. d4 d5 3. Nc3 dxe4 4. Nxe4 Bd7 5. Nf3 Bc6 6. Bd3 Nd7 7. O-O Ngf6 8.
Ng3 Be7 9. Re1 O-O 10. a3 Re8 11. c4 Bxf3 12. Qxf3 c6 13. Bd2 Nf8 14. Bc3 Qc7
15. Rad1 Rad8 16. h4 Rd7 17. h5 h6 18. b4 Red8 19. Bc2 N8h7 20. Ne4 Nxe4 21.
Qxe4 Nf8 22. Re3 Bg5 23. Rg3 Bf6 24. Rf3 Bg5 25. a4 a6 26. a5 b5 27. axb6 Qxb6
28. c5 Qc7 29. Ra1 Ra8 30. b5 f5 31. Qxc6 Qxc6 32. bxc6 Rc7 33. Ba4 Bf6 34. Rb1
1-0

[Event "II Memorial Oliver Gonzalez"]
[Site "Madrid"]
[Date "2011.10.08"]
[Round "1.12"]
[White "Candela Perez, Jose"]
[Black "Camarero Izquierdo, Juan Carlos"]
[Result "1-0"]
[WhiteElo "2418"]
[BlackElo "1933"]
[PlyCount "63"]
[EventDate "2011.10.08"]

1. d4 e6 2. e4 d5 3. Nd2 Nf6 4. e5 Nfd7 5. Bd3 c5 6. c3 Nc6 7. Ne2 f6 8. Nf4
Ndxe5 9. dxe5 Nxe5 10. Qh5+ Kd7 11. Bb5+ Kd6 12. Nf3 Nxf3+ 13. Qxf3 Bd7 14.
Bxd7 Qxd7 15. O-O Qc6 16. Be3 Kc7 17. b4 c4 18. b5 Qd7 19. Rfe1 Re8 20. Bxa7 b6
21. Qe3 Bc5 22. Nxe6+ Rxe6 23. Qxe6 Qxe6 24. Rxe6 Ra8 25. Rc6+ Kb7 26. Rxc5
bxc5 27. Bxc5 Ra4 28. f4 Kc7 29. Kf2 Kd7 30. f5 g6 31. g4 Ke8 32. Ke3 1-0

[Event "II Memorial Oliver Gonzalez"]
[Site "Madrid"]
[Date "2011.10.08"]
[Round "1.13"]
[White "Nieto Esteban, Manuel"]
[Black "Martinez Martin, David"]
[Result "0-1"]
[WhiteElo "1777"]
[BlackElo "2401"]
[PlyCount "104"]
[EventDate "2011.10.08"]

1. c4 b6 2. d4 Bb7 3. Nc3 Nf6 4. Bg5 e6 5. Nf3 Be7 6. e3 h6 7. Bxf6 Bxf6 8. Bd3
c5 9. Ne4 Be7 10. O-O O-O 11. Rc1 cxd4 12. Nxd4 Nc6 13. Nxc6 Bxc6 14. Bb1 Qc7
15. Qd3 f5 16. Ng3 Qe5 17. Qc3 Qxc3 18. Rxc3 Bf6 19. Rc2 Rac8 20. Rd2 Rc7 21.
Rfd1 b5 22. cxb5 Bxb5 23. Ne2 d5 24. Nd4 Bd7 25. f4 Rfc8 26. Bd3 Kf7 27. Nb5
Bxb5 28. Bxb5 Ke7 29. Kf2 Kd6 30. Be2 g5 31. g3 g4 32. Ba6 Rb8 33. b3 h5 34.
Bd3 Rbc8 35. Kg2 h4 36. Rh1 Rc3 37. Rhd1 h3+ 38. Kf2 Ke7 39. Ke2 Kf7 40. Kf2
Kg6 41. Kf1 Be7 42. Kf2 Bd8 43. Ba6 R8c6 44. Bb5 R6c5 45. Bd3 Ba5 46. Rb2 Bb4
47. Rbb1 Kf6 48. Rb2 Ke7 49. Ke2 Rc7 50. Rdd2 Rc1 51. Rd1 R1c5 52. Rbb1 Rc2+
0-1

[Event "II Memorial Oliver Gonzalez"]
[Site "Madrid"]
[Date "2011.10.08"]
[Round "1.14"]
[White "Tirado Parra, Alberto"]
[Black "Valles Moreno, Ivan"]
[Result "0-1"]
[WhiteElo "1914"]
[BlackElo "2394"]
[PlyCount "40"]
[EventDate "2011.10.08"]

1. b4 d5 2. Bb2 Bg4 3. Qc1 Nd7 4. c4 c6 5. e3 e6 6. Be2 Bxe2 7. Nxe2 Ngf6 8. a3
Bd6 9. d3 Ne5 10. Qc2 dxc4 11. dxc4 Nd3+ 12. Kf1 Nxb2 13. Qxb2 Be5 14. Nbc3 Qd3
15. Rc1 Rd8 16. Qc2 Qxc4 17. g3 Bxc3 18. Qxc3 Qe4 19. Kg1 O-O 20. Qc4 Rd1+ 0-1

[Event "II Memorial Oliver Gonzalez"]
[Site "Madrid"]
[Date "2011.10.08"]
[Round "1.15"]
[White "Hernando Pertierra, Jose C"]
[Black "Montoya Pecurul, Marc"]
[Result "1-0"]
[WhiteElo "2383"]
[BlackElo "1776"]
[PlyCount "101"]
[EventDate "2011.10.08"]

1. b3 d5 2. Bb2 Nf6 3. e3 Bf5 4. f4 Nbd7 5. Nf3 h6 6. Bd3 g6 7. O-O e6 8. Be2
Bg4 9. Ne5 Bxe2 10. Qxe2 Bg7 11. Qb5 Qc8 12. Nxd7 Qxd7 13. Qxb7 O-O 14. Qa6 c5
15. Qe2 Rfc8 16. Be5 a5 17. Nc3 c4 18. Na4 Rc6 19. d3 cxd3 20. Qxd3 Rac8 21.
Rad1 Qb7 22. Qd4 Ne8 23. Bxg7 Nxg7 24. c3 Nf5 25. Qd3 Nd6 26. g4 Qe7 27. h3 Qh4
28. Rf3 Kh7 29. Qf1 Ne4 30. c4 dxc4 31. bxc4 R8c7 32. Rd4 Nf6 33. e4 Rb7 34.
Qf2 Qxf2+ 35. Rxf2 Rb4 36. Nb2 a4 37. Rc2 a3 38. Nd3 Ra4 39. Kf2 Rc7 40. Ke3 g5
41. fxg5 hxg5 42. c5 Ra5 43. Rb4 Kg7 44. Rcc4 Nd7 45. c6 Ne5 46. Nxe5 Rxe5 47.
Kd4 Ra5 48. Rb7 e5+ 49. Kc3 Rxb7 50. cxb7 Rb5 51. Rb4 1-0

[Event "II Memorial Oliver Gonzalez"]
[Site "Madrid"]
[Date "2011.10.08"]
[Round "1.16"]
[White "Garcia Donoso, Alberto"]
[Black "Martin Rueda, Daniel"]
[Result "0-1"]
[WhiteElo "1744"]
[BlackElo "2311"]
[PlyCount "76"]
[EventDate "2011.10.08"]

1. e4 c5 2. Nc3 e6 3. g3 Nc6 4. Bg2 g6 5. d3 Bg7 6. f4 Nge7 7. Nf3 d5 8. O-O a6
9. Qe1 d4 10. Nb1 f5 11. e5 b5 12. Nbd2 Nb4 13. Qd1 Nbd5 14. Nb3 Qb6 15. Qe2
Bd7 16. Bd2 a5 17. c3 a4 18. Nc1 a3 19. bxa3 dxc3 20. Be3 Nxe3 21. Qxe3 Nd5 22.
Qf2 O-O 23. Nb3 Rfc8 24. Rfc1 Rxa3 25. h4 Bf8 26. Ng5 h6 27. Nf3 b4 28. Bf1 Qa7
29. Kg2 Ra8 30. Kh3 Rxa2 31. Qg1 Rxa1 32. Rxa1 Qxa1 33. Nxa1 Rxa1 34. Qf2 b3
35. Nd4 cxd4 36. Bg2 Ne3 37. Qf3 c2 38. g4 fxg4+ 0-1

[Event "II Memorial Oliver Gonzalez"]
[Site "Madrid"]
[Date "2011.10.08"]
[Round "1.17"]
[White "Perez Gonzalez, Jose Manuel"]
[Black "Garcia Hernandez, Javier"]
[Result "1-0"]
[WhiteElo "2304"]
[BlackElo "1741"]
[PlyCount "107"]
[EventDate "2011.10.08"]

1. e4 e6 2. d4 d5 3. e5 c5 4. c3 Nc6 5. Be3 Qb6 6. Qd2 Nh6 7. Nf3 cxd4 8. cxd4
Nf5 9. Nc3 Nxe3 10. fxe3 Be7 11. Bd3 O-O 12. O-O f6 13. exf6 Bxf6 14. Rad1 Bd7
15. Bb1 Be8 16. Na4 Qb4 17. Qxb4 Nxb4 18. Nc5 Bb5 19. Rf2 Rf7 20. a3 Nc6 21.
Nxe6 Re7 22. Nf4 Bc4 23. Bd3 Rxe3 24. Bxc4 dxc4 25. Nd5 Re4 26. Nxf6+ gxf6 27.
d5 Ne5 28. Nxe5 fxe5 29. d6 Rd8 30. h3 Rd4 31. Re1 R4xd6 32. Rxe5 R8d7 33. Rf4
Rc7 34. Ree4 Rdc6 35. Rg4+ Kf8 36. h4 Rf7 37. Rxc4 Rxc4 38. Rxc4 Kg7 39. g4 Rd7
40. Re4 Kf6 41. Kf2 Rd2+ 42. Re2 Rd5 43. Kf3 b5 44. Kf4 a5 45. g5+ Kf7 46. Re5
Rd4+ 47. Kf5 Rxh4 48. Rxb5 Rh2 49. Rb7+ Ke8 50. Kf6 h5 51. g6 Rf2+ 52. Kg5 h4
53. g7 Rg2+ 54. Kxh4 1-0

[Event "II Memorial Oliver Gonzalez"]
[Site "Madrid"]
[Date "2011.10.08"]
[Round "1.18"]
[White "Alcazar Jimenez, Jesus Alberto"]
[Black "Garcia Serrano, Jose M. Ii"]
[Result "1-0"]
[WhiteElo "2294"]
[BlackElo "1898"]
[PlyCount "49"]
[EventDate "2011.10.08"]

1. d4 d5 2. Nf3 Nc6 3. g3 Bf5 4. Bg2 Nf6 5. O-O e6 6. a4 Bb4 7. Na3 a6 8. Ne1
h6 9. c3 Bd6 10. Nd3 O-O 11. Nf4 Qd7 12. Re1 Ne7 13. c4 Bb4 14. Rf1 Rab8 15.
Nd3 Bxd3 16. Qxd3 Nf5 17. cxd5 Rfd8 18. Nc2 Ba5 19. e4 Ne7 20. Bh3 g5 21. Qf3
Kg7 22. Ne3 c6 23. d6 Qxd6 24. e5 Qxd4 25. Qxf6+ 1-0

[Event "II Memorial Oliver Gonzalez"]
[Site "Madrid"]
[Date "2011.10.08"]
[Round "1.19"]
[White "Morona Minguez, Irene"]
[Black "Adan Bermudez, Sergio"]
[Result "0-1"]
[WhiteElo "1894"]
[BlackElo "2287"]
[PlyCount "38"]
[EventDate "2011.10.08"]

1. e4 d6 2. d4 Nf6 3. Nc3 g6 4. Be2 Bg7 5. Be3 c6 6. Qd2 b5 7. f3 Nbd7 8. Bh6
Bxh6 9. Qxh6 b4 10. Nd1 Qb6 11. Qd2 c5 12. dxc5 Nxc5 13. Ne3 Be6 14. Bc4 O-O
15. O-O-O Bxc4 16. Nxc4 Qa6 17. Qxb4 Rab8 18. Qc3 Qxa2 19. b3 Rxb3 0-1

[Event "II Memorial Oliver Gonzalez"]
[Site "Madrid"]
[Date "2011.10.08"]
[Round "1.20"]
[White "Sanchez Romero, Ruben"]
[Black "Moreno Tejera, Emilio"]
[Result "0-1"]
[WhiteElo "1741"]
[BlackElo "2280"]
[PlyCount "42"]
[EventDate "2011.10.08"]

1. e4 c5 2. d4 e6 3. Nf3 cxd4 4. c3 Nc6 5. Bc4 Nf6 6. e5 d5 7. Bd3 Nd7 8. cxd4
Qb6 9. O-O Nxd4 10. Nxd4 Qxd4 11. Nc3 Bc5 12. Nb5 Qxe5 13. Re1 Qb8 14. Rxe6+
fxe6 15. Qh5+ Kf8 16. Qh4 Be7 17. Qh3 Nf6 18. g4 e5 19. Qg3 Bxg4 20. h3 Be6 21.
Bg5 a6 0-1

[Event "II Memorial Oliver Gonzalez"]
[Site "Madrid"]
[Date "2011.10.08"]
[Round "1.23"]
[White "Luukkonen, Tommi"]
[Black "Diaz Begonte, Manuel"]
[Result "1-0"]
[WhiteElo "2256"]
[BlackElo "1731"]
[PlyCount "37"]
[EventDate "2011.10.08"]

1. e4 c6 2. d4 d5 3. exd5 Qxd5 4. c4 Qd6 5. c5 Qc7 6. Bc4 Nf6 7. Nf3 Bf5 8. Ne5
e6 9. Bf4 Qa5+ 10. Nc3 Ne4 11. O-O Nxc3 12. bxc3 Be7 13. Re1 Na6 14. Nxf7 Kxf7
15. g4 Rhd8 16. gxf5 Qxc3 17. fxe6+ Kf8 18. Qh5 g6 19. Qxh7 1-0

[Event "II Memorial Oliver Gonzalez"]
[Site "Madrid"]
[Date "2011.10.08"]
[Round "1.24"]
[White "Horcajada Reales, Guillermo"]
[Black "Hernandez Gutierrez, Jose"]
[Result "1-0"]
[WhiteElo "2215"]
[BlackElo "1890"]
[PlyCount "109"]
[EventDate "2011.10.08"]

1. e4 c6 2. d4 d5 3. Nc3 dxe4 4. Nxe4 Nd7 5. Nf3 Ngf6 6. Nxf6+ Nxf6 7. Bc4 Bg4
8. c3 e6 9. O-O Be7 10. h3 Bxf3 11. Qxf3 O-O 12. Re1 Re8 13. Bb3 Qc7 14. Bf4
Bd6 15. Bg5 Be7 16. Rad1 Nd5 17. Bd2 b5 18. Bc2 a5 19. h4 c5 20. dxc5 Bxc5 21.
Qd3 g6 22. h5 Qb6 23. Re2 Rad8 24. Qg3 Ne7 25. Rde1 Rd5 26. hxg6 hxg6 27. Bg5
Nf5 28. Bxf5 Rxf5 29. Qh4 Bf8 30. Re5 Rxe5 31. Rxe5 Bg7 32. Bf6 Bxf6 33. Qxf6
Rb8 34. Re3 Qd8 35. Qe5 Qd1+ 36. Kh2 Qh5+ 37. Qxh5 gxh5 38. Kg3 Kg7 39. Re5 Kg6
40. Kh4 Rb6 41. Rg5+ Kf6 42. Rxh5 Ke7 43. Kg3 a4 44. Rh4 Kd6 45. Kf3 Kc5 46.
Rd4 b4 47. Rxb4 Rxb4 48. cxb4+ Kxb4 49. Ke4 f6 50. f4 Kc5 51. g4 Kd6 52. g5 Ke7
53. b4 axb3 54. axb3 fxg5 55. fxg5 1-0

[Event "II Memorial Oliver Gonzalez"]
[Site "Madrid"]
[Date "2011.10.08"]
[Round "1.26"]
[White "Semprun Martinez, Fernando"]
[Black "Suarez Prieto, Leopoldo"]
[Result "1-0"]
[WhiteElo "2204"]
[BlackElo "1724"]
[PlyCount "41"]
[EventDate "2011.10.08"]

1. e4 e5 2. Nf3 f5 3. Nxe5 d6 4. Qh5+ g6 5. Nxg6 Nf6 6. Qh4 Rg8 7. Nxf8 Rg4 8.
Qh6 Rxe4+ 9. Be2 Qe7 10. Nc3 Rxe2+ 11. Nxe2 Nc6 12. O-O Ng4 13. Qxh7 Qxe2 14.
Ng6 Nf6 15. Qh4 Kf7 16. Nh8+ Ke7 17. d4 Be6 18. Bg5 Rf8 19. d5 Qg4 20. Qxg4
Rxh8 21. Bxf6+ 1-0

[Event "II Memorial Oliver Gonzalez"]
[Site "Madrid"]
[Date "2011.10.08"]
[Round "1.28"]
[White "Gonzalez Mateo, Rafael"]
[Black "Cerrato Torrijos, Javier"]
[Result "1-0"]
[WhiteElo "2186"]
[BlackElo "1683"]
[PlyCount "57"]
[EventDate "2011.10.08"]

1. d4 Nf6 2. c3 e6 3. Bg5 c5 4. e3 b6 5. f4 Bb7 6. Nf3 Be7 7. Bd3 cxd4 8. cxd4
d6 9. Nc3 Nbd7 10. O-O O-O 11. e4 Re8 12. Qe2 Rc8 13. Rad1 a5 14. Bb1 Nf8 15.
Rfe1 h6 16. Bxf6 Bxf6 17. e5 Be7 18. d5 Qc7 19. Nb5 Qc5+ 20. Kh1 Ba6 21. Bd3
Bxb5 22. Bxb5 Red8 23. Ba6 Rb8 24. dxe6 fxe6 25. Rc1 Qb4 26. Rc4 d5 27. Rxb4
Bxb4 28. Rc1 Nd7 29. Nd4 1-0

[Event "II Memorial Oliver Gonzalez"]
[Site "Madrid"]
[Date "2011.10.08"]
[Round "1.29"]
[White "Aziz Ortego, Omar Luis"]
[Black "Marcos Herrero, Francisco"]
[Result "1-0"]
[WhiteElo "2168"]
[BlackElo "1846"]
[PlyCount "89"]
[EventDate "2011.10.08"]

1. e4 c5 2. c4 Nc6 3. Nf3 e5 4. d3 Nf6 5. g3 Be7 6. Bg2 O-O 7. O-O d6 8. Ne1
Nd4 9. Nc3 a6 10. f4 b5 11. f5 b4 12. Ne2 Nd7 13. h4 Nb8 14. Nxd4 cxd4 15. Nf3
Nd7 16. Qe1 Nc5 17. Qe2 Bf6 18. Bd2 Rb8 19. Kh2 g6 20. g4 Bg7 21. h5 Re8 22.
Ng5 f6 23. Nxh7 g5 24. Nxg5 fxg5 25. Rf3 Bf6 26. Raf1 Kh7 27. Qe1 a5 28. Rh3
Kh6 29. Rf2 Ba6 30. Bf1 Rb7 31. Be2 Qe7 32. Bd1 Reb8 33. Bc1 Rb6 34. Kg1 Qc7
35. Re2 Nxd3 36. Rxd3 Bxc4 37. Rf3 Bxe2 38. Bxe2 Rc8 39. Rf1 Qc2 40. Bf3 Rbc6
41. Bd2 Qxb2 42. Qe2 Qxa2 43. Bxg5+ Bxg5 44. Qxa2 Rc2 45. Qe6+ 1-0

[Event "II Memorial Oliver Gonzalez"]
[Site "Madrid"]
[Date "2011.10.08"]
[Round "1.30"]
[White "Yeves Miquel, Enrique"]
[Black "Ciuro Muñoz, Ricardo"]
[Result "0-1"]
[WhiteElo "1677"]
[BlackElo "2156"]
[PlyCount "74"]
[EventDate "2011.10.08"]

1. d4 e6 2. c4 Nf6 3. Nc3 Bb4 4. Qc2 b6 5. e4 Bb7 6. Bd3 Nc6 7. Nge2 O-O 8. Bg5
h6 9. Bh4 Be7 10. a3 d6 11. O-O a5 12. f4 Ng4 13. Bxe7 Qxe7 14. Rf3 f5 15. d5
fxe4 16. Bxe4 Nd8 17. Rg3 Nf6 18. Bf3 Ne8 19. Qg6 Rf6 20. Qg4 Rf8 21. Nd4 Nf6
22. Qg6 Kh8 23. Re1 Rb8 24. Nxe6 Nxe6 25. Rxe6 Qf7 26. Nb5 Bc8 27. Re2 Qxg6 28.
Rxg6 Bf5 29. Rg3 Rf7 30. b3 a4 31. Nd4 Bh7 32. b4 Bd3 33. Rd2 Bxc4 34. Ne6 c6
35. Nd4 cxd5 36. Nf5 Rd8 37. Ne7 Rxe7 0-1

[Event "II Memorial Oliver Gonzalez"]
[Site "Madrid"]
[Date "2011.10.08"]
[Round "1.31"]
[White "Farre Selma, David"]
[Black "Vazquez Torres, Adrian"]
[Result "0-1"]
[WhiteElo "1841"]
[BlackElo "2148"]
[PlyCount "96"]
[EventDate "2011.10.08"]

1. e4 c5 2. Nf3 e6 3. b3 Nc6 4. Bb2 d6 5. d4 cxd4 6. Nxd4 Bd7 7. Nb5 Nf6 8.
Nxd6+ Bxd6 9. Qxd6 Nxe4 10. Qf4 Qa5+ 11. Nd2 Qxd2+ 12. Qxd2 Nxd2 13. Kxd2 O-O
14. Bb5 a6 15. Bxc6 Bxc6 16. f3 b5 17. Rad1 a5 18. Ke3 Bd5 19. a3 Rfc8 20. Rd2
f6 21. Rf1 Rc6 22. Bd4 Rac8 23. Rff2 Kf7 24. b4 axb4 25. axb4 Rc4 26. Bc5 Ra8
27. Rd4 Ra3+ 28. Rd3 Ra2 29. c3 Ra1 30. Rc2 g5 31. Rd4 h5 32. Rxc4 Bxc4 33. f4
Re1+ 34. Kf3 Rf1+ 35. Bf2 g4+ 36. Ke3 Kg6 37. Ke4 Rd1 38. Rb2 f5+ 39. Ke3 Rd3+
40. Ke2 Rf3+ 41. Ke1 Rxf4 42. g3 Rf3 43. Bd4 Rf1+ 44. Kd2 Kg5 45. Be3+ Kf6 46.
Rc2 Rh1 47. Rc1 Rxh2+ 48. Ke1 Re2+ 0-1

[Event "II Memorial Oliver Gonzalez"]
[Site "Madrid"]
[Date "2011.10.08"]
[Round "1.32"]
[White "Perez De Aranda A., Leonardo I"]
[Black "Lopez Mulet, Inigo"]
[Result "0-1"]
[WhiteElo "2142"]
[BlackElo "1839"]
[PlyCount "62"]
[EventDate "2011.10.08"]

1. e4 c5 2. c4 Nc6 3. Nc3 g6 4. g3 Bg7 5. Bg2 d6 6. Nge2 Nf6 7. O-O O-O 8. f4
Be6 9. d3 Qd7 10. Rb1 Bh3 11. f5 Bxg2 12. Kxg2 Ng4 13. Nf4 Nge5 14. Nfd5 e6 15.
fxe6 fxe6 16. Nf4 g5 17. Nh3 Rxf1 18. Qxf1 Rf8 19. Qd1 h6 20. Be3 Qf7 21. Nb5
Nxd3 22. Nxd6 Ne1+ 23. Qxe1 Qf3+ 24. Kg1 Nd4 25. Bf2 g4 26. Nf4 Rxf4 27. gxf4
Qh3 28. Bg3 Nf3+ 29. Kh1 Nxe1 30. Rxe1 h5 31. Bf2 h4 0-1

[Event "II Memorial Oliver Gonzalez"]
[Site "Madrid"]
[Date "2011.10.08"]
[Round "1.33"]
[White "Martin Duque, Jesus"]
[Black "Melcon Diez, Enrique"]
[Result "1-0"]
[WhiteElo "2136"]
[BlackElo "1671"]
[PlyCount "27"]
[EventDate "2011.10.08"]

1. e4 c5 2. Nf3 g6 3. d4 cxd4 4. Qxd4 Nf6 5. Nc3 Nc6 6. Qa4 Bg7 7. e5 Ng8 8.
Bf4 f6 9. e6 d6 10. Nd4 Qb6 11. Bb5 Nh6 12. Nd5 Qc5 13. Bxc6+ bxc6 14. Nc7+ 1-0

[Event "II Memorial Oliver Gonzalez"]
[Site "Madrid"]
[Date "2011.10.08"]
[Round "1.34"]
[White "Sanchez Tapia, Luis G"]
[Black "Rodrigo Yanguas, Maria"]
[Result "0-1"]
[WhiteElo "1638"]
[BlackElo "2135"]
[PlyCount "62"]
[EventDate "2011.10.08"]

1. e4 e6 2. d4 d5 3. Bb5+ Bd7 4. Bxd7+ Qxd7 5. e5 c5 6. c3 Ne7 7. Ne2 Nf5 8. g4
Nh4 9. Nf4 Nc6 10. a3 Be7 11. Be3 O-O 12. Nd2 cxd4 13. cxd4 f6 14. exf6 Rxf6
15. O-O Nxd4 16. Nh5 Ndf3+ 17. Nxf3 Nxf3+ 18. Kg2 Rf7 19. Nf4 Nh4+ 20. Kh1 Raf8
21. Nd3 Nf3 22. Ne1 e5 23. Nxf3 Rxf3 24. Qb3 Kh8 25. Qc2 d4 26. Rad1 Qxg4 27.
Qc7 dxe3 28. Qxe7 e2 29. Rg1 exd1=Q 30. Rxd1 Rxf2 31. Rg1 Qf3+ 0-1

[Event "II Memorial Oliver Gonzalez"]
[Site "Madrid"]
[Date "2011.10.08"]
[Round "1.35"]
[White "Magan Gonzalez, Alberto"]
[Black "Pascual Palomo, Lucia"]
[Result "0-1"]
[WhiteElo "1821"]
[BlackElo "2119"]
[PlyCount "42"]
[EventDate "2011.10.08"]

1. e4 e6 2. d4 d5 3. Nc3 Bb4 4. e5 c5 5. a3 Bxc3+ 6. bxc3 Qc7 7. Qg4 f5 8. Qf4
cxd4 9. Qxd4 Nc6 10. Bb5 Nge7 11. f4 O-O 12. Qd3 Bd7 13. Bxc6 bxc6 14. Nf3 c5
15. h4 Qa5 16. Bd2 Qa4 17. Kf2 Rfd8 18. Ne1 Bb5 19. Qg3 d4 20. h5 h6 21. cxd4
Qxd4+ 0-1

[Event "II Memorial Oliver Gonzalez"]
[Site "Madrid"]
[Date "2011.10.08"]
[Round "1.37"]
[White "Garcia Diaz, Victor Manuel"]
[Black "Garcia-Ines Sanchez, Gustavo"]
[Result "1-0"]
[WhiteElo "2114"]
[BlackElo "1633"]
[PlyCount "45"]
[EventDate "2011.10.08"]

1. e4 c5 2. c3 e6 3. d4 cxd4 4. cxd4 Nf6 5. Nc3 Bb4 6. Bd3 Nc6 7. Nf3 d6 8. O-O
a6 9. d5 Ne5 10. Nxe5 dxe5 11. Qa4+ b5 12. Qxb4 exd5 13. exd5 Nxd5 14. Nxd5
Qxd5 15. Be4 a5 16. Bxd5 axb4 17. Bxa8 Ke7 18. Be3 Be6 19. Bc6 Bc4 20. Rfd1 Kf6
21. b3 Be6 22. Rd6 Rc8 23. Rad1 1-0

[Event "II Memorial Oliver Gonzalez"]
[Site "Madrid"]
[Date "2011.10.08"]
[Round "1.38"]
[White "Alonso Herrero, Ignacio"]
[Black "Barajas Fernandez, Helios"]
[Result "0-1"]
[WhiteElo "1812"]
[BlackElo "2104"]
[PlyCount "90"]
[EventDate "2011.10.08"]

1. d4 Nf6 2. Nf3 e6 3. Bg5 d5 4. e3 h6 5. Bh4 c5 6. c3 Be7 7. Nbd2 O-O 8. Bd3
b6 9. Ne5 Bb7 10. O-O Nbd7 11. Nxd7 Qxd7 12. Nf3 Bd6 13. Bxf6 gxf6 14. Nh4 f5
15. Qh5 Kg7 16. f4 Rh8 17. Rf3 Kf8 18. Rg3 Be7 19. Nf3 Bf6 20. Ne5 Bxe5 21.
fxe5 c4 22. Bc2 b5 23. Qh4 Qe7 24. Qf4 b4 25. Rb1 Ke8 26. Rh3 Kd7 27. Rxh6 Kc7
28. Rf6 Rh7 29. Bxf5 exf5 30. Qxf5 Rg7 31. Rf1 Bc8 32. Qf3 Be6 33. e4 Qd7 34.
Rf2 Rb8 35. cxb4 dxe4 36. Qxe4 Rxb4 37. Qa8 Qxd4 38. Qf8 Qd1+ 39. Rf1 Rxg2+ 40.
Kh1 Rxh2+ 41. Kxh2 Rxb2+ 42. R1f2 Qh5+ 43. Kg1 Qg4+ 44. Kh2 Qh3+ 45. Kg1 Rb1+
0-1